000 01255cam a22003497a 4500
003 CHAP
005 20220329142404.0
008 001110d2000 mx r 00110 spa d
010 _a82768
011 _a83740
035 _a94256
040 _cCHAP
090 _aTesis
100 0 0 _aBenítez Buenabad, Miguel.
_911636
245 1 0 _aDiagnóstico técnico-financiero de la producción y comercialización de pitaya Stenocereus griseus Haworth
_c/por Miguel Benítez Buenabad
260 _aChapingo, Méx. :
_bEl autor,
_c2000.
300 _a76 h. :
_bcuadros ; anexo
502 _aTesis (Ing. Agr. Esp. en Fitotecnia) -- UACH. Departamento de Fitotecnia
590 _aALEPH
_b10
_c20130110
_lUCH01
_h1439
590 _aBATCH-UPD
_b10
_c20130110
_lUCH01
_h0714
590 _aBATCH-UPD
_b10
_c20130410
_lUCH01
_h0359
590 _aBATCH-UPD
_b10
_c20130914
_lUCH01
_h0805
590 _aCONVERSION
_b10
_c20130109
_lUCH01
_h1346
650 1 4 _aCactáceas
_xAspectos económicos.
_916997
650 1 4 _aCactáceas
_xMercadeo.
_917008
650 1 4 _aStenocereus griseus.
_9109645
901 _aBK
905 _aLilia Sánchez G.
942 _cFOLL
949 _bBC
_cTES
_d33724000804191
_eTS2
_fc.2
_h37414
_i94256
_si
949 _bBC
_cTES
_d942561
_eTS1
_h37413
_i94256
_sb
999 _c82768
_d82768